[Event "ROM-ch U12"]
[Site "Calimanesti"]
[Date "2018.04.03"]
[Round "9"]
[White "Sida, Flavius Ovidiu"]
[Black "Iordache, Alexandru Cristian"]
[Result "0-1"]
[WhiteElo "1221"]
[BlackElo "1373"]
[PlyCount "68"]
[EventDate "2018.03.27"]
[EventType "swiss"]
[EventRounds "9"]
[EventCountry "ROU"]
[SourceTitle "CBM 183 Extra"]
[Source "ChessBase"]
[SourceDate "2018.04.19"]
[SourceVersion "1"]
[SourceVersionDate "2018.04.19"]
[SourceQuality "1"]

1. d4 Nf6 2. c4 e6 3. Nc3 Bb4 4. Nf3 d6 5. Bg5 h6 6. Bf4 Nc6 7. e3 0-0 8. Bd3 Qe7 9. 0-0 Bxc3 10. bxc3 e5 11. dxe5 dxe5 12. Bg3 e4 13. Nd4 exd3 14. Qxd3 Rd8 15. Rad1 Be6 16. Qe2 Ne4 17. Rc1 Nxg3 18. hxg3 Na5 19. Nxe6 Qxe6 20. Rb1 b6 21. Rb4 Rd6 22. Qf3 Rad8 23. Qf4 Rc6 24. c5 Rxc5 25. Rd4 Re8 26. Rfd1 Nb7 27. c4 Nd6 28. Rc1 b5 29. e4 bxc4 30. Qf3 c3 31. Rxc3 Rxc3 32. Qxc3 Nb5 33. Qb3 Qxb3 34. axb3 Nxd4 0-1

[Event "ROM-ch U12"]
[Site "Calimanesti"]
[Date "2018.04.02"]
[Round "8"]
[White "Derevenciuc, Dragos Cristian"]
[Black "Iordache, Alexandru Cristian"]
[Result "1/2-1/2"]
[WhiteElo "1120"]
[BlackElo "1373"]
[PlyCount "63"]
[EventDate "2018.03.27"]
[EventType "swiss"]
[EventRounds "9"]
[EventCountry "ROU"]
[SourceTitle "CBM 183 Extra"]
[Source "ChessBase"]
[SourceDate "2018.04.19"]
[SourceVersion "1"]
[SourceVersionDate "2018.04.19"]
[SourceQuality "1"]

1. e4 c5 2. Nf3 Nc6 3. d4 cxd4 4. Nxd4 a6 5. Nxc6 bxc6 6. Bc4 e6 7. 0-0 Bc5 8. Bf4 d5 9. exd5 cxd5 10. Bb3 Nf6 11. Bg5 0-0 12. Nc3 Bb7 13. Ne2 Be7 14. Bxf6 Bxf6 15. c3 Qc7 16. Ng3 g6 17. Qg4 Bg7 18. Qe2 Rad8 19. Rac1 Qc6 20. Qf3 Qb6 21. Qe3 d4 22. cxd4 Bxd4 23. Qe2 a5 24. Rc2 Ba6 25. Bc4 Bxc4 26. Qxc4 Rd5 27. b3 Rfd8 28. Qe2 Qd6 29. Rd2 Bxf2+ 30. Qxf2 Rxd2 31. Qxf7+ Kh8 32. Qf6+ 1/2-1/2

[Event "ROM-ch U12"]
[Site "Baile Felix"]
[Date "2017.02.07"]
[Round "7"]
[White "Iordache, Alexandru Cristian"]
[Black "Chira, Vlad Alexandru"]
[Result "0-1"]
[WhiteElo "1296"]
[BlackElo "1422"]
[PlyCount "60"]
[EventDate "2017.02.02"]
[EventType "swiss"]
[EventRounds "9"]
[EventCountry "ROU"]
[SourceTitle "CBM 176 Extra"]
[Source "ChessBase"]
[SourceDate "2017.03.02"]
[SourceVersion "1"]
[SourceVersionDate "2017.03.02"]
[SourceQuality "1"]

1. e4 c5 2. Nc3 g6 3. f4 Nc6 4. Bb5 Bg7 5. Bxc6 bxc6 6. d3 d5 7. e5 f6 8. Nf3 Qc7 9. exf6 Nxf6 10. 0-0 0-0 11. Na4 Qa5 12. c4 Ba6 13. Ne5 dxc4 14. dxc4 Rad8 15. Nxc6 Rxd1 16. Nxa5 Rxf1+ 17. Kxf1 Ne4 18. Rb1 e5 19. b3 exf4 20. Nc6 Rf7 21. Nd8 Rf6 22. Ke2 Rd6 23. Kf3 Nc3 24. Nxc3 Bxc3 25. Ba3 Bd4 26. Rd1 Rxd8 27. Bxc5 Bb7+ 28. Kg4 h5+ 29. Kh3 Bc8+ 30. g4 Bxg4+ 0-1

[Event "ROM-ch U12"]
[Site "Baile Felix"]
[Date "2017.02.04"]
[Round "3"]
[White "Iordache, Alexandru Cristian"]
[Black "Mihai, Florin"]
[Result "0-1"]
[WhiteElo "1296"]
[BlackElo "1524"]
[PlyCount "86"]
[EventDate "2017.02.02"]
[EventType "swiss"]
[EventRounds "9"]
[EventCountry "ROU"]
[SourceTitle "CBM 176 Extra"]
[Source "ChessBase"]
[SourceDate "2017.03.02"]
[SourceVersion "1"]
[SourceVersionDate "2017.03.02"]
[SourceQuality "1"]

1. f4 d5 2. b3 Bf5 3. Bb2 e6 4. e3 Nf6 5. Nf3 c5 6. Bb5+ Nc6 7. Bxc6+ bxc6 8. d3 Be7 9. 0-0 0-0 10. Ne5 Qc7 11. g4 Bg6 12. Nxg6 hxg6 13. Rf3 Nxg4 14. Rh3 Nh6 15. Nc3 d4 16. Ne2 dxe3 17. Rxe3 Bd6 18. Rf3 e5 19. Qd2 exf4 20. Nxf4 Be5 21. Bxe5 Qxe5 22. Re1 Qd4+ 23. Kg2 Rfe8 24. Re2 g5 25. Nh5 g4 26. Rf4 Qd5+ 27. Rfe4 Rxe4 28. Nf6+ gxf6 29. dxe4 Qxd2 30. Rxd2 Re8 31. Rd6 Rxe4 32. Rxc6 Re2+ 33. Kg1 Rxc2 34. Rxf6 Kg7 35. Ra6 Nf5 36. Rxa7 Nd4 37. Ra4 Nf3+ 38. Kf1 f5 39. Rf4 Kg6 40. h3 Kg5 41. h4+ Kxf4 42. h5 Kg3 43. h6 Rf2# 0-1

[Event "ROM-ch U12"]
[Site "Baile Felix"]
[Date "2017.02.03"]
[Round "2"]
[White "Morus, Alexandru"]
[Black "Iordache, Alexandru Cristian"]
[Result "0-1"]
[WhiteElo "1159"]
[BlackElo "1296"]
[PlyCount "50"]
[EventDate "2017.02.02"]
[EventType "swiss"]
[EventRounds "9"]
[EventCountry "ROU"]
[SourceTitle "CBM 176 Extra"]
[Source "ChessBase"]
[SourceDate "2017.03.02"]
[SourceVersion "1"]
[SourceVersionDate "2017.03.02"]
[SourceQuality "1"]

1. d4 Nf6 2. c4 e6 3. Nc3 Bb4 4. e3 0-0 5. Nf3 Nc6 6. Be2 d6 7. 0-0 e5 8. d5 Ne7 9. a3 Bxc3 10. bxc3 c6 11. dxc6 Nxc6 12. Qd3 Qc7 13. Qd2 Na5 14. Qa2 Be6 15. Nd2 Rac8 16. Rb1 d5 17. cxd5 Nxd5 18. Qb2 Nxc3 19. Bd3 Nxb1 20. Bxb1 Nc4 21. Nxc4 Qxc4 22. Bd2 Rfd8 23. Rd1 Qe2 24. Rf1 Rxd2 25. Qxe5 Bc4 0-1

[Event "ROM-ch U10"]
[Site "Calimanesti Caciulata"]
[Date "2016.04.24"]
[Round "8"]
[White "Pragai, Rares Alexandru"]
[Black "Iordache, Alexandru Cristian"]
[Result "1-0"]
[WhiteElo "1439"]
[BlackElo "1265"]
[PlyCount "69"]
[EventDate "2016.04.18"]
[EventType "swiss"]
[EventRounds "9"]
[EventCountry "ROU"]
[SourceTitle "EXT 2017"]
[Source "ChessBase"]
[SourceDate "2016.10.25"]
[SourceVersion "1"]
[SourceVersionDate "2016.10.25"]
[SourceQuality "1"]

1. e4 e5 2. Nf3 Nc6 3. Bc4 Nf6 4. d3 Bc5 5. c3 d6 6. Bg5 0-0 7. b4 Bb6 8. a4 a5 9. b5 Na7 10. h3 h6 11. Bh4 c6 12. Nbd2 Bd7 13. Rb1 Re8 14. Qb3 Be6 15. Bxe6 Rxe6 16. bxc6 Bc5 17. Qxb7 Re7 18. Bxf6 gxf6 19. Qb2 Rc7 20. d4 exd4 21. cxd4 Bb4 22. d5 Rb8 23. 0-0 Nc8 24. Nc4 Ne7 25. Qxf6 Ng6 26. Qxd8+ Rxd8 27. Nb6 Re7 28. Nd7 Kg7 29. Rfc1 Bc5 30. e5 Rc8 31. Rb7 dxe5 32. Nxc5 Rxb7 33. Nxb7 e4 34. Nd4 Ne7 35. d6 1-0

[Event "ROM-ch U10"]
[Site "Calimanesti Caciulata"]
[Date "2016.04.21"]
[Round "5"]
[White "Ciobanu, Sebastian Stefan"]
[Black "Iordache, Alexandru Cristian"]
[Result "0-1"]
[WhiteElo "1001"]
[BlackElo "1265"]
[PlyCount "98"]
[EventDate "2016.04.18"]
[EventType "swiss"]
[EventRounds "9"]
[EventCountry "ROU"]
[SourceTitle "CBM 172 Extra"]
[Source "ChessBase"]
[SourceDate "2016.06.21"]
[SourceVersion "1"]
[SourceVersionDate "2016.06.21"]
[SourceQuality "1"]

1. e4 e5 2. Nf3 Nc6 3. d4 exd4 4. Bc4 Bb4+ 5. Bd2 Bxd2+ 6. Qxd2 Nf6 7. Qd3 0-0 8. 0-0 Qe7 9. Nbd2 Re8 10. Rfe1 h6 11. Nxd4 Ne5 12. Qc3 Nxc4 13. Qxc4 d6 14. Nb5 c6 15. Nc3 Qc7 16. Nd5 Qd8 17. Nxf6+ Qxf6 18. Rab1 Be6 19. Qa4 Bh3 20. g3 Qg5 21. Qd4 Qg4 22. Qe3 d5 23. Qe2 Qg6 24. Qf3 dxe4 25. Rxe4 Rxe4 26. Qxe4 Bf5 27. Qe7 Bxc2 28. Qxb7 Rd8 29. Rc1 Rxd2 30. Qxa7 Qf6 31. a3 Qxb2 32. Re1 Rd1 33. Rxd1 Bxd1 34. Qa8+ Kh7 35. Qxc6 Qxa3 36. Qe4+ Kg8 37. Qe8+ Qf8 38. Qxf8+ Kxf8 39. Kf1 Ke7 40. Ke1 Bg4 41. Kd2 Ke6 42. Ke3 Kf5 43. f3 Bh5 44. h3 Bg6 45. g4+ Kg5 46. Kf2 Kh4 47. Kg2 Bc2 48. Kh2 Bd1 49. Kg2 g5 0-1

[Event "ROM-ch U10"]
[Site "Calimanesti"]
[Date "2015.04.03"]
[Round "6"]
[White "Iordache, Alexandru Cristian"]
[Black "Mihai, Florin"]
[Result "0-1"]
[WhiteElo "1066"]
[BlackElo "1437"]
[PlyCount "64"]
[EventDate "2015.03.30"]
[EventType "swiss"]
[EventRounds "9"]
[EventCountry "ROU"]
[SourceTitle "CBM 165 Extra"]
[Source "ChessBase"]
[SourceDate "2015.04.21"]
[SourceVersion "1"]
[SourceVersionDate "2015.04.21"]
[SourceQuality "1"]

1. e4 c6 2. d4 d5 3. exd5 cxd5 4. c4 e6 5. Nc3 Nf6 6. Nf3 Bb4 7. a3 Bxc3+ 8. bxc3 Nc6 9. cxd5 Nxd5 10. c4 Nf6 11. Bg5 h6 12. Bh4 Qa5+ 13. Nd2 Nxd4 14. Bxf6 gxf6 15. Bd3 Qe5+ 16. Be2 Nxe2 17. Qxe2 Qxa1+ 18. Qd1 Qxd1+ 19. Kxd1 Bd7 20. Ne4 Ke7 21. f3 Rad8 22. Kc2 Bc6 23. Rb1 Bxe4+ 24. fxe4 Rd7 25. Kc3 Rhd8 26. Kb4 b6 27. Rf1 Rd2 28. Kb5 Rb2+ 29. Ka6 Rd7 30. Rf3 Rxg2 31. Rh3 Rg6 32. Rc3 Rg4 0-1

[Event "ROM-ch U10"]
[Site "Calimanesti"]
[Date "2015.04.02"]
[Round "5"]
[White "Coroiu, Alexandru"]
[Black "Iordache, Alexandru Cristian"]
[Result "0-1"]
[WhiteElo "1011"]
[BlackElo "1066"]
[PlyCount "102"]
[EventDate "2015.03.30"]
[EventType "swiss"]
[EventRounds "9"]
[EventCountry "ROU"]
[SourceTitle "CBM 165 Extra"]
[Source "ChessBase"]
[SourceDate "2015.04.21"]
[SourceVersion "1"]
[SourceVersionDate "2015.04.21"]
[SourceQuality "1"]

1. e4 e5 2. Nf3 Nc6 3. Nc3 Nf6 4. Bb5 Bb4 5. a3 Bxc3 6. dxc3 d6 7. Qd3 0-0 8. 0-0 h6 9. Re1 Bg4 10. h3 Bh5 11. Nh4 Qe7 12. Qg3 Qe6 13. Bxh6 Bg6 14. Nxg6 fxg6 15. Qxg6 Qf7 16. Qxf7+ Kxf7 17. Bd2 Rad8 18. b4 Ne7 19. Bc4+ Ke8 20. a4 c6 21. Be6 d5 22. exd5 Nfxd5 23. c4 Nc7 24. Rxe5 Rxd2 25. f3 Rxc2 26. a5 Nxe6 27. Rxe6 Rxc4 28. Re4 Rxe4 29. fxe4 Rf4 30. e5 Rxb4 31. a6 b6 32. g4 Rb5 33. h4 Rxe5 34. g5 Ng6 35. Ra4 c5 36. Kf2 Nxh4 37. g6 Nxg6 38. Rg4 Kf7 39. Kf3 Re6 40. Kg3 b5 41. Rg5 Re5 42. Rxe5 Nxe5 43. Kf4 b4 44. Ke3 b3 45. Kd2 g5 46. Kc3 g4 47. Kxb3 g3 48. Ka4 g2 49. Kb5 g1Q 50. Ka5 Qb1 51. Ka4 Qb4# 0-1